Loading...
| Literature - British | 0 | 7 | 0 | 0 | 70 | 54 | 74.86 | 1 | 4 | 0.00 | 0.00 |
| Fine Arts - Painting and Sculpture | 0 | 5 | 0 | 1 | 50 | 67 | 88.60 | 1 | 3 | 0.00 | 0.00 |
| Literature - American | 0 | 5 | 0 | 0 | 50 | 43 | 84.40 | 0 | 2 | 0.00 | 0.00 |
| Literature - European | 0 | 5 | 1 | 0 | 45 | 82 | 95.20 | 0 | 1 | 0.00 | 0.00 |
| Science - Physics | 0 | 5 | 1 | 1 | 45 | 45 | 82.60 | 0 | 2 | 0.00 | 0.00 |
| Science - Chemistry | 0 | 5 | 3 | 1 | 35 | 11 | 52.80 | 2 | 4 | 0.00 | 0.00 |
| Fine Arts - Other | 0 | 4 | 1 | 1 | 35 | 101 | 113.75 | 0 | 0 | 0.00 | 0.00 |
| Religion | 0 | 4 | 1 | 3 | 35 | 95 | 101.75 | 0 | 0 | 0.00 | 0.00 |
| Philosophy | 0 | 3 | 0 | 0 | 30 | 30 | 49.67 | 2 | 3 | 0.00 | 0.00 |
| Literature - World | 0 | 4 | 2 | 0 | 30 | 72 | 79.25 | 1 | 4 | 0.00 | 0.00 |
| Science - Biology | 0 | 4 | 2 | 0 | 30 | 28 | 67.00 | 0 | 1 | 0.00 | 0.00 |
| Social Science | 0 | 2 | 0 | 0 | 20 | 31 | 49.50 | 1 | 2 | 0.00 | 0.00 |
| Mythology | 0 | 2 | 0 | 1 | 20 | 104 | 106.50 | 0 | 0 | 0.00 | 0.00 |
| Fine Arts - Classical Music | 0 | 3 | 2 | 1 | 20 | 112 | 112.67 | 0 | 0 | 0.00 | 0.00 |
| Science - Other | 0 | 2 | 2 | 0 | 10 | 43 | 72.50 | 1 | 1 | 0.00 | 0.00 |